Statistiques concernant Pays à 5 Lettres

Cliquez ici pour prendre le quiz!

Statistiques générales

  • Ce quiz a été pris 221 fois
  • Le résultat moyen est 16 sur 25

Statistiques - réponses

Pays% Correct
Chine
84%
Japon
82%
Liban
77%
Libye
77%
Maroc
75%
Chili
73%
Pérou
73%
Syrie
71%
Qatar
69%
Ghana
68%
Gabon
67%
Yémen
67%
Malte
66%
Bénin
64%
Fidji
64%
Suède
64%
Niger
62%
Grèce
61%
Haïti
58%
Népal
58%
Tonga
56%
Kenya
55%
Nauru
49%
Tchad
49%
Samoa
48%

Distribution des résultats

Percentile par nombre de réponses

% des personnes avec chaque résultat

Votre développement - résultats

Vous n’avez pas pris ce quiz